Voyage 200: calculadora

Sparad:
Bibliografiska uppgifter
Institutionell upphovsman: Texas Instruments (Författare, medförfattare)
Materialtyp: Bok
Språk:spanska
Publicerad: Dallas Texas Instruments 2002
Ämnen:
Taggar: Lägg till en tagg
Inga taggar, Lägg till första taggen!

MARC

LEADER 00000nam a2200000 a 4500
001 UCK5958
003 CL-VaPUC
008 050902e20020000US |||||||||||||||||spa|d
082 0 4 |a 681.145  |b TEX  |2 21 
110 2 |a Texas Instruments  |e author  |9 494994 
245 1 0 |a Voyage 200: calculadora 
300 |a 1 calculadora 
942 |c BK 
945 |d 20050902 00:00:00  |a cmena 
260 |a Dallas  |b Texas Instruments  |c 2002 
500 |a Incluye manual en español: Procedimientos iniciales de la herramienta de aprendizaje personal Voyage 200 
650 0 |a Calculadoras  |9 353224 
650 0 |a Aplicaciones de computadores  |9 260401 
583 |a last modification  |c 20180426 12:24:21  |k Rodrigo Vera 
999 |c 314370  |d 314368 
952 |0 0  |1 0  |4 0  |6 681_145000000000000_TEX_2002  |7 0  |8 R  |9 386471  |a BIBING  |b BIBING  |d 2019-11-22  |i 4161912  |l 24  |o 681.145 TEX 2002  |p 4161912  |r 2025-01-20  |s 2024-11-22  |w 2019-11-22  |y CALC  |k ING 
952 |0 0  |1 0  |4 0  |6 681_145000000000000_TEX_2002  |7 0  |8 R  |9 386472  |a BIBING  |b BIBING  |d 2019-11-22  |i 4161939  |l 36  |m 5  |o 681.145 TEX 2002  |p 4161939  |r 2025-01-20  |s 2024-07-03  |w 2019-11-22  |y CALC  |k ING 
952 |0 0  |1 0  |4 0  |6 681_145000000000000_TEX_2002  |7 0  |8 R  |9 386474  |a BIBING  |b BIBING  |d 2019-11-22  |i 4161963  |l 25  |o 681.145 TEX 2002  |p 4161963  |r 2025-01-20  |s 2024-06-17  |w 2019-11-22  |y CALC  |k ING 
952 |0 0  |1 0  |4 0  |6 681_145000000000000_TEX_2002  |7 0  |8 R  |9 386475  |a BIBING  |b BIBING  |d 2019-11-22  |i 4162005  |l 9  |o 681.145 TEX 2002  |p 4162005  |r 2025-01-20  |s 2024-06-17  |w 2019-11-22  |y CALC  |k ING 
952 |0 0  |1 0  |4 0  |6 681_145000000000000_TEX_2002  |7 0  |8 R  |9 386476  |a BIBING  |b BIBING  |d 2019-11-22  |i 416203K  |l 25  |o 681.145 TEX 2002  |p 416203K  |r 2025-01-20  |s 2024-06-19  |w 2019-11-22  |y CALC  |k ING 
952 |0 0  |1 0  |4 0  |6 681_145000000000000_TEX_2002  |7 0  |8 R  |9 386477  |a BIBING  |b BIBING  |d 2019-11-22  |i 4162110  |l 28  |o 681.145 TEX 2002  |p 4162110  |r 2025-01-20  |s 2024-06-18  |w 2019-11-22  |y CALC  |k ING 
952 |0 0  |1 0  |4 0  |6 681_145000000000000_TEX_2002  |7 0  |8 R  |9 386478  |a BIBING  |b BIBING  |d 2019-11-22  |i 4162145  |l 34  |o 681.145 TEX 2002  |p 4162145  |r 2025-01-20  |s 2024-06-17  |w 2019-11-22  |y CALC  |k ING 
952 |0 0  |1 0  |4 0  |6 681_145000000000000_TEX_2002  |7 0  |8 R  |9 386479  |a BIBING  |b BIBING  |d 2019-11-22  |i 4162234  |l 20  |o 681.145 TEX 2002  |p 4162234  |r 2025-01-20  |s 2024-11-19  |w 2019-11-22  |y CALC  |k ING 
952 |0 0  |1 0  |4 0  |6 681_145000000000000_TEX_2002  |7 0  |8 R  |9 386480  |a BIBING  |b BIBING  |d 2019-11-22  |i 4162242  |l 31  |o 681.145 TEX 2002  |p 4162242  |r 2025-01-20  |s 2024-12-09  |w 2019-11-22  |y CALC  |k ING 
952 |0 0  |1 0  |4 0  |6 681_145000000000000_TEX_2002  |7 0  |8 R  |9 386482  |a BIBING  |b BIBING  |d 2019-11-22  |i 4162323  |l 30  |m 3  |o 681.145 TEX 2002  |p 4162323  |r 2025-01-20  |s 2024-12-09  |w 2019-11-22  |y CALC  |k ING 
952 |0 0  |1 0  |4 0  |6 681_145000000000000_TEX_2002  |7 0  |8 R  |9 386484  |a BIBING  |b BIBING  |d 2019-11-22  |i 4162374  |l 18  |o 681.145 TEX 2002  |p 4162374  |r 2025-01-20  |s 2024-10-24  |w 2019-11-22  |y CALC  |k ING 
952 |0 0  |1 0  |4 0  |6 681_145000000000000_TEX_2002  |7 0  |8 A  |9 386486  |a BIBCUR  |b BIBCUR  |d 2019-11-22  |i 4376528  |o 681.145 TEX 2002  |p 4376528  |r 2023-01-23  |w 2019-11-22  |y CALC  |k BAC 
952 |0 0  |1 0  |4 0  |6 681_145000000000000_TEX_2002  |7 0  |8 A  |9 386488  |a BIBCUR  |b BIBCUR  |d 2019-11-22  |i 4376544  |o 681.145 TEX 2002  |p 4376544  |r 2023-01-23  |w 2019-11-22  |y CALC  |k BAC 
952 |0 0  |1 0  |4 0  |6 681_145000000000000_TEX_2002  |7 0  |8 A  |9 386489  |a BIBCUR  |b BIBCUR  |d 2019-11-22  |i 4376552  |l 7  |m 1  |o 681.145 TEX 2002  |p 4376552  |r 2023-07-31  |s 2023-07-28  |w 2019-11-22  |y CALC  |k BAC 
952 |0 0  |1 0  |4 0  |6 681_145000000000000_TEX_2002  |7 0  |8 A  |9 386490  |a BIBCUR  |b BIBCUR  |d 2019-11-22  |i 4376560  |l 1  |o 681.145 TEX 2002  |p 4376560  |r 2023-06-09  |s 2023-06-09  |w 2019-11-22  |y CALC  |k BAC 
952 |0 0  |1 0  |4 0  |6 681_145000000000000_TEX_2002  |7 0  |8 A  |9 386491  |a BIBCUR  |b BIBCUR  |d 2019-11-22  |i 4376579  |l 4  |o 681.145 TEX 2002  |p 4376579  |r 2024-11-25  |s 2024-11-18  |w 2019-11-22  |y CALC  |k BAC